[Event "NB1 Maroczy csoport"]
[Site "Kisujszallas"]
[Date "2024.11.17"]
[Round "2.11"]
[White "Borsavolgyi, Tamas"]
[Black "Illes, David Mark"]
[Result "1/2-1/2"]
[WhiteElo "2043"]
[BlackElo "1905"]
[PlyCount "70"]
[EventDate "2024.11.03"]
[EventType "team-tourn"]
[EventRounds "11"]
[EventCountry "HUN"]
[Source "chess.hu"]
[SourceDate "2024.11.17"]
[WhiteTeam "NYVSC "]
[BlackTeam "Kumania-Kisujszallas"]
[WhiteTeamCountry "HUN"]
[BlackTeamCountry "HUN"]

1. e4 c5 2. Nc3 e6 3. Nf3 a6 4. d4 cxd4 5. Nxd4 Qc7 6. Bd3 Nf6 7. g4 h6 8. Qe2
Nc6 9. Be3 Bb4 10. O-O-O Ne5 11. f4 Nexg4 12. Bd2 Bc5 13. h3 Bxd4 14. hxg4 g6
15. f5 gxf5 16. exf5 Rg8 17. Rxh6 Nxg4 18. Rh4 Qg3 19. Rdh1 Nf2 20. Ne4 Nxe4
21. Qxe4 Bf6 22. R4h3 Qe5 23. Qb4 Qd4 24. c4 a5 25. Qb5 Ra6 26. fxe6 Rxe6 27.
Rd1 Qb6 28. Qxb6 Rxb6 29. Bxa5 Re6 30. c5 Rg2 31. Bd2 d6 32. Bf5 Re5 33. Bxc8
Rxc5+ 34. Bc3 Rxc8 35. Rxd6 Bxc3 1/2-1/2

[Event "NB1 Maroczy csoport"]
[Site "Kisujszallas"]
[Date "2024.11.17"]
[Round "2.12"]
[White "Molnar, Lili"]
[Black "Hurkovszkij, Vladyslav"]
[Result "1-0"]
[WhiteElo "1781"]
[BlackElo "2074"]
[PlyCount "117"]
[EventDate "2024.11.03"]
[EventType "team-tourn"]
[EventRounds "11"]
[EventCountry "HUN"]
[Source "chess.hu"]
[SourceDate "2024.11.17"]
[WhiteTeam "Kumania-Kisujszallas"]
[BlackTeam "NYVSC "]
[WhiteTeamCountry "HUN"]
[BlackTeamCountry "HUN"]

1. d4 d5 2. c4 c6 3. Nf3 Nf6 4. Nc3 e6 5. Bg5 Be7 6. e3 Nbd7 7. Qc2 O-O 8. a3
h6 9. Bh4 Qc7 10. Be2 Re8 11. O-O dxc4 12. Bxc4 Bd6 13. Bg3 Bxg3 14. hxg3 Nb6
15. Be2 Nbd5 16. b4 a5 17. Nxd5 exd5 18. b5 Bg4 19. bxc6 bxc6 20. Rfc1 Rec8 21.
Qa4 Ne4 22. Rc2 f6 23. Rac1 Bd7 24. Qb3 a4 25. Qxd5+ cxd5 26. Rxc7 Rxc7 27.
Rxc7 Bg4 28. Bd3 Bxf3 29. gxf3 Nd2 30. Kg2 Rb8 31. Bg6 Nc4 32. Bf7+ Kh8 33.
Bxd5 Nxa3 34. Ra7 Rb4 35. Ra8+ Kh7 36. Be4+ g6 37. Ra7+ Kh8 38. Bc6 Rb2 39.
Rxa4 Nc2 40. Ra8+ Kg7 41. Kf1 Rb1+ 42. Ke2 Rb2 43. Ra7+ Kf8 44. Kd1 Nb4 45. Rb7
Rb1+ 46. Kd2 Rb2+ 47. Kc3 Rc2+ 48. Kxb4 Rxc6 49. Ka3 h5 50. Kb2 Kg8 51. Rb3 g5
52. Rb5 Rc7 53. f4 h4 54. fxg5 h3 55. g6 Kg7 56. Rh5 Kxg6 57. Rxh3 Kf5 58. Rh5+
Ke4 59. Rc5 1-0

[Event "NB1 Maroczy csoport"]
[Site "Budapest"]
[Date "2024.11.17"]
[Round "2.1"]
[White "Bodi, Tibor"]
[Black "Feher, Adam"]
[Result "0-1"]
[WhiteElo "2305"]
[BlackElo "2406"]
[PlyCount "58"]
[EventDate "2024.11.03"]
[EventType "team-tourn"]
[EventRounds "11"]
[EventCountry "HUN"]
[Source "chess.hu"]
[SourceDate "2024.11.17"]
[WhiteTeam "Aquarena Kobanya  II"]
[BlackTeam "HUSI SC"]
[WhiteTeamCountry "HUN"]
[BlackTeamCountry "HUN"]

1. e4 c5 2. Nf3 d6 3. d4 cxd4 4. Nxd4 Nf6 5. Nc3 a6 6. h3 e5 7. Nf5 d5 8. Bg5
d4 9. Bxf6 gxf6 10. Ne2 Qb6 11. Qc1 Qc6 12. Nfg3 h5 13. h4 Qb6 14. Nf5 Bxf5 15.
exf5 Bh6 16. Qb1 Nc6 17. Rh3 O-O-O 18. a3 e4 19. Ng3 Rhe8 20. Bc4 Ne5 21. Qa2
Qc7 22. Bb3 e3 23. f4 Bxf4 24. Nxh5 Qa5+ 25. c3 dxc3 26. bxc3 Qxc3+ 27. Kf1 Rd2
28. Qb1 e2+ 29. Kg1 Qd4+ 0-1

[Event "NB1 Maroczy csoport"]
[Site "Budapest"]
[Date "2024.11.17"]
[Round "2.2"]
[White "Borocz, Istvan"]
[Black "Horvath, David"]
[Result "1/2-1/2"]
[WhiteElo "2306"]
[BlackElo "2321"]
[PlyCount "144"]
[EventDate "2024.11.03"]
[EventType "team-tourn"]
[EventRounds "11"]
[EventCountry "HUN"]
[Source "chess.hu"]
[SourceDate "2024.11.17"]
[WhiteTeam "HUSI SC"]
[BlackTeam "Aquarena Kobanya  II"]
[WhiteTeamCountry "HUN"]
[BlackTeamCountry "HUN"]

1. e4 e6 2. d4 d5 3. Nc3 Nf6 4. e5 Nfd7 5. f4 c5 6. Nf3 Nc6 7. Be3 Be7 8. Be2
O-O 9. O-O f6 10. Kh1 fxe5 11. fxe5 cxd4 12. Bxd4 Rf5 13. Qd2 Nxd4 14. Qxd4 Bc5
15. Qg4 Nxe5 16. Nxe5 Rxe5 17. Bd3 Bd7 18. Qf4 Qf6 19. Qxf6 gxf6 20. Rxf6 Rf8
21. Raf1 Rxf6 22. Rxf6 Re1+ 23. Rf1 Rxf1+ 24. Bxf1 Bc6 25. Bb5 Kf7 26. Bxc6
bxc6 27. g3 e5 28. Kg2 e4 29. Ne2 Be3 30. Nc3 Ke6 31. Nd1 Bb6 32. Kf1 Ke5 33.
Ke2 Bg1 34. h3 Bd4 35. c3 Bb6 36. b4 c5 37. bxc5 Bxc5 38. Ne3 d4 39. cxd4+ Kxd4
40. Ng4 Bd6 41. Nf2 Bc5 42. g4 Be7 43. Nd1 Bg5 44. Nf2 Ke5 45. Nd1 Kd4 46. Nf2
Bd8 47. a4 Ke5 48. Nd1 Bb6 49. Ne3 Bd4 50. Nf5 Bb6 51. Ne3 Bxe3 52. Kxe3 Kd5
53. a5 a6 54. Ke2 Kd4 55. h4 Kd5 56. g5 Kd4 57. h5 Ke5 58. g6 hxg6 59. h6 Kf6
60. Ke3 g5 61. Kxe4 Kg6 62. Kf3 Kxh6 63. Kg3 Kg6 64. Kg4 Kf6 65. Kf3 Kf5 66.
Kg3 g4 67. Kg2 Kf4 68. Kf2 g3+ 69. Kg2 Kg4 70. Kg1 Kf3 71. Kf1 g2+ 72. Kg1 Kg3
1/2-1/2

[Event "NB1 Maroczy csoport"]
[Site "Budapest"]
[Date "2024.11.17"]
[Round "2.3"]
[White "Urhegyi, Marton"]
[Black "Erdelyi, Zombor"]
[Result "1-0"]
[WhiteElo "2227"]
[BlackElo "2271"]
[PlyCount "85"]
[EventDate "2024.11.03"]
[EventType "team-tourn"]
[EventRounds "11"]
[EventCountry "HUN"]
[Source "chess.hu"]
[SourceDate "2024.11.17"]
[WhiteTeam "Aquarena Kobanya  II"]
[BlackTeam "HUSI SC"]
[WhiteTeamCountry "HUN"]
[BlackTeamCountry "HUN"]

1. e4 c5 2. Nf3 d6 3. d4 cxd4 4. Nxd4 Nf6 5. Nc3 a6 6. Be2 e5 7. Nb3 Be7 8. O-O
O-O 9. Be3 Be6 10. Qd3 Nc6 11. Rfd1 Rc8 12. a3 Qc7 13. Nd5 Bxd5 14. exd5 e4 15.
Qc3 Ne5 16. Qxc7 Rxc7 17. Rac1 Rfc8 18. c3 Nfd7 19. g4 h6 20. Rd4 Nf3+ 21. Bxf3
exf3 22. Bf4 Bg5 23. Bxg5 hxg5 24. Nd2 Ne5 25. Ne4 Rc4 26. Rcd1 Rxd4 27. Rxd4
Nc4 28. h3 Nxb2 29. Nxd6 Rxc3 30. Nxb7 Rd3 31. Rxd3 Nxd3 32. d6 Ne5 33. Nc5 Kf8
34. Nxa6 Nc4 35. a4 Nxd6 36. Nc5 Ke7 37. Kh2 Nc4 38. Kg3 Nd2 39. a5 Kd6 40. a6
Nc4 41. a7 Nb6 42. Ne4+ Kc7 43. Nxg5 1-0

[Event "NB1 Maroczy csoport"]
[Site "Budapest"]
[Date "2024.11.17"]
[Round "2.4"]
[White "Papp, Gellert"]
[Black "Konnyu, Janos"]
[Result "0-1"]
[WhiteElo "2250"]
[BlackElo "2337"]
[PlyCount "104"]
[EventDate "2024.11.03"]
[EventType "team-tourn"]
[EventRounds "11"]
[EventCountry "HUN"]
[Source "chess.hu"]
[SourceDate "2024.11.17"]
[WhiteTeam "HUSI SC"]
[BlackTeam "Aquarena Kobanya  II"]
[WhiteTeamCountry "HUN"]
[BlackTeamCountry "HUN"]

1. e4 c5 2. Nf3 Nc6 3. Bc4 e6 4. O-O a6 5. Re1 b5 6. Bf1 Qc7 7. c3 Bb7 8. d4
Nf6 9. a4 b4 10. e5 Ng8 11. Nbd2 cxd4 12. cxd4 Nge7 13. Ne4 Nd5 14. Bg5 h6 15.
Bh4 Qb6 16. Nfd2 Na5 17. Nc5 Bc6 18. Nde4 Nb7 19. Rc1 Nxc5 20. Rxc5 Be7 21.
Bxe7 Kxe7 22. a5 Qd8 23. Qg4 Kf8 24. h4 Rg8 25. Nd6 Qe7 26. g3 g5 27. Qh5 Kg7
28. Bg2 gxh4 29. Bxd5 Bxd5 30. Rxd5 Kh7 31. Rc5 hxg3 32. Ne4 gxf2+ 33. Kxf2 Rg6
34. Qf3 Qh4+ 35. Ke2 Rag8 36. Nf6+ Rxf6 37. exf6 Rg3 38. Qf2 Qg4+ 39. Kd2 Rg2
40. Qxg2 Qxg2+ 41. Re2 Qf3 42. Rc4 Qb3 43. Rc2 Qd5 44. Rf2 b3 45. Rc8 Qxd4+ 46.
Ke1 e5 47. Kf1 e4 48. Rf8 Qd1+ 49. Kg2 Qd5 50. Kg1 e3 51. Rg2 Qd1+ 52. Kh2 Qd6+
0-1

[Event "NB1 Maroczy csoport"]
[Site "Budapest"]
[Date "2024.11.17"]
[Round "2.5"]
[White "Halak, Miklos"]
[Black "Biro, David"]
[Result "1-0"]
[WhiteElo "2189"]
[BlackElo "2249"]
[PlyCount "43"]
[EventDate "2024.11.03"]
[EventType "team-tourn"]
[EventRounds "11"]
[EventCountry "HUN"]
[Source "chess.hu"]
[SourceDate "2024.11.17"]
[WhiteTeam "Aquarena Kobanya  II"]
[BlackTeam "HUSI SC"]
[WhiteTeamCountry "HUN"]
[BlackTeamCountry "HUN"]

1. e4 g6 2. d4 Bg7 3. Nf3 d6 4. Be2 c6 5. O-O Nd7 6. c4 e5 7. Nc3 Ngf6 8. Be3
O-O 9. d5 c5 10. Ne1 Ne8 11. Nd3 f5 12. f4 Qe7 13. exf5 gxf5 14. fxe5 Nxe5 15.
Nxe5 Bxe5 16. Qd2 Nf6 17. Bh6 Rf7 18. Rae1 Kh8 19. Bf3 Ng4 20. Bxg4 fxg4 21.
Bf4 Bd4+ 22. Kh1 1-0

[Event "NB1 Maroczy csoport"]
[Site "Budapest"]
[Date "2024.11.17"]
[Round "2.6"]
[White "Szabo, Balazs"]
[Black "Csernyik, Mark"]
[Result "0-1"]
[WhiteElo "2226"]
[BlackElo "2144"]
[PlyCount "96"]
[EventDate "2024.11.03"]
[EventType "team-tourn"]
[EventRounds "11"]
[EventCountry "HUN"]
[Source "chess.hu"]
[SourceDate "2024.11.17"]
[WhiteTeam "HUSI SC"]
[BlackTeam "Aquarena Kobanya  II"]
[WhiteTeamCountry "HUN"]
[BlackTeamCountry "HUN"]

1. d4 Nf6 2. c4 g6 3. Nc3 Bg7 4. e4 d6 5. Be2 O-O 6. Be3 c5 7. e5 Nfd7 8. exd6
exd6 9. Nf3 Nc6 10. Qd2 b6 11. O-O Bb7 12. d5 Nce5 13. Ne1 Re8 14. h3 f5 15.
Nc2 Nf6 16. Rae1 Qd7 17. b3 Re7 18. f4 Nf7 19. Bf2 Rae8 20. Bh4 Ne4 21. Nxe4
Rxe4 22. Bf3 Rxe1 23. Rxe1 Bc8 24. g4 Nh6 25. Ne3 Bd4 26. Kg2 Bxe3 27. Rxe3
Rxe3 28. Qxe3 fxg4 29. hxg4 Nxg4 30. Qe1 Nh6 31. Kg1 Nf5 32. Bg4 Nxh4 33. Bxd7
Nf3+ 34. Kf2 Nxe1 35. Bxc8 Nd3+ 36. Kg3 Nc1 37. f5 Kg7 38. Kf4 Kf6 39. fxg6
hxg6 40. Bg4 Nxa2 41. Bf3 Nc1 42. Bd1 Nd3+ 43. Ke3 Ne5 44. Kf4 Nf7 45. Be2 Nh6
46. Bd1 Nf5 47. Be2 g5+ 48. Kg4 Nd4 0-1

[Event "NB1 Maroczy csoport"]
[Site "Budapest"]
[Date "2024.11.17"]
[Round "2.7"]
[White "Karacsonyi, Kata"]
[Black "Roos, Jean-Luc"]
[Result "1/2-1/2"]
[WhiteElo "2239"]
[BlackElo "2166"]
[PlyCount "73"]
[EventDate "2024.11.03"]
[EventType "team-tourn"]
[EventRounds "11"]
[EventCountry "HUN"]
[Source "chess.hu"]
[SourceDate "2024.11.17"]
[WhiteTeam "Aquarena Kobanya  II"]
[BlackTeam "HUSI SC"]
[WhiteTeamCountry "HUN"]
[BlackTeamCountry "HUN"]

1. e4 e6 2. d4 d5 3. Nd2 c5 4. exd5 exd5 5. Ngf3 Nc6 6. Bb5 Qe7+ 7. Be2 cxd4 8.
O-O Qc7 9. Nb3 Nf6 10. Nbxd4 a6 11. Bd3 Be7 12. Nf5 Bxf5 13. Bxf5 O-O 14. c3
Rad8 15. Nd4 Ne4 16. Nxc6 Qxc6 17. Be3 g6 18. Bg4 Bc5 19. Qd3 Bxe3 20. Qxe3
Rfe8 21. Qd4 h5 22. Bf3 Ng5 23. Bd1 Ne6 24. Qd2 d4 25. Bf3 Qc7 26. Rfe1 dxc3
27. Qxc3 Qxc3 28. bxc3 Re7 29. c4 Rc7 30. Rab1 Rxc4 31. Rxb7 Rc2 32. a4 Ng5 33.
Rb6 Nxf3+ 34. gxf3 Rdd2 35. Rf1 Ra2 36. Rxa6 Kg7 37. Kg2 1/2-1/2

[Event "NB1 Maroczy csoport"]
[Site "Budapest"]
[Date "2024.11.17"]
[Round "2.8"]
[White "Honos, Attila"]
[Black "Foldes, Marton Gabor"]
[Result "0-1"]
[WhiteElo "2194"]
[BlackElo "2167"]
[PlyCount "30"]
[EventDate "2024.11.03"]
[EventType "team-tourn"]
[EventRounds "11"]
[EventCountry "HUN"]
[Source "chess.hu"]
[SourceDate "2024.11.17"]
[WhiteTeam "HUSI SC"]
[BlackTeam "Aquarena Kobanya  II"]
[WhiteTeamCountry "HUN"]
[BlackTeamCountry "HUN"]

1. b4 e6 2. Bb2 Nf6 3. a3 d5 4. Nf3 c5 5. bxc5 Bxc5 6. e3 Nc6 7. d4 Qb6 8. Ra2
Be7 9. c4 O-O 10. Nfd2 Bd7 11. Be2 Rac8 12. O-O Na5 13. c5 Qc7 14. Nb3 Ba4 15.
N1d2 Ne4 0-1

[Event "NB1 Maroczy csoport"]
[Site "Budapest"]
[Date "2024.11.17"]
[Round "2.9"]
[White "Szabo, Marton Nandor"]
[Black "Feher, Botond"]
[Result "0-1"]
[WhiteElo "2011"]
[BlackElo "2146"]
[PlyCount "56"]
[EventDate "2024.11.03"]
[EventType "team-tourn"]
[EventRounds "11"]
[EventCountry "HUN"]
[Source "chess.hu"]
[SourceDate "2024.11.17"]
[WhiteTeam "Aquarena Kobanya  II"]
[BlackTeam "HUSI SC"]
[WhiteTeamCountry "HUN"]
[BlackTeamCountry "HUN"]

1. d4 d5 2. c4 e6 3. Nc3 c6 4. Qb3 dxc4 5. Qxc4 b5 6. Qd3 Bb7 7. Nf3 a6 8. a4
Be7 9. g3 c5 10. axb5 cxd4 11. Nb1 Nf6 12. Bg5 O-O 13. Bg2 Be4 14. Qd2 axb5 15.
Rxa8 Bxa8 16. O-O Ne4 17. Bxe7 Nxd2 18. Bxd8 Nxf3+ 19. Bxf3 Bxf3 20. Bb6 Bxe2
21. Re1 d3 22. Nc3 Nd7 23. Nxe2 Nxb6 24. Nf4 d2 25. Rd1 Rd8 26. b3 Kf8 27. Kf1
Ke7 28. Ke2 Nd5 0-1

[Event "NB1 Maroczy csoport"]
[Site "Budapest"]
[Date "2024.11.17"]
[Round "2.10"]
[White "Pogany, Zsombor"]
[Black "Koczo, Kristof"]
[Result "1-0"]
[WhiteElo "2178"]
[BlackElo "2007"]
[PlyCount "107"]
[EventDate "2024.11.03"]
[EventType "team-tourn"]
[EventRounds "11"]
[EventCountry "HUN"]
[Source "chess.hu"]
[SourceDate "2024.11.17"]
[WhiteTeam "HUSI SC"]
[BlackTeam "Aquarena Kobanya  II"]
[WhiteTeamCountry "HUN"]
[BlackTeamCountry "HUN"]

1. e4 c5 2. Nc3 Nc6 3. Nge2 e5 4. Nd5 Nf6 5. Nec3 Nxd5 6. Nxd5 Ne7 7. Bc4 Nxd5
8. Bxd5 d6 9. O-O Be7 10. f4 O-O 11. f5 Bg5 12. Qh5 Qf6 13. g3 Qh6 14. Qe2 Qh3
15. a4 h5 16. Ra3 Rb8 17. Kh1 b6 18. Rg1 Qg4 19. Qg2 Bh6 20. h3 Qg5 21. g4 h4
22. d3 Qxc1 23. Rxc1 Bxc1 24. g5 Bb7 25. Bxb7 Rxb7 26. Qg4 Bxb2 27. Rb3 Bc1 28.
Rb1 Be3 29. f6 Re8 30. Qxh4 Re6 31. Qg4 c4 32. h4 cxd3 33. cxd3 Rc7 34. Qe2 Bf4
35. fxg7 Kxg7 36. a5 bxa5 37. Rb8 Rce7 38. Qh5 Re8 39. Rb7 R8e7 40. Rxe7 Rxe7
41. Qh6+ Kg8 42. Qxd6 Rb7 43. Qd8+ Kg7 44. Qf6+ Kg8 45. h5 Rb6 46. Qf5 Rb1+ 47.
Kg2 Rb2+ 48. Kf3 Rd2 49. g6 Rxd3+ 50. Kg4 Rg3+ 51. Kh4 f6 52. Qc8+ Kg7 53. Qd7+
Kg8 54. Qf7+ 1-0

[Event "NB1 Maroczy csoport"]
[Site "Budapest"]
[Date "2024.11.17"]
[Round "2.11"]
[White "Fodor, Miklos"]
[Black "Sulyok, Eszter"]
[Result "0-1"]
[WhiteElo "1988"]
[BlackElo "2040"]
[PlyCount "58"]
[EventDate "2024.11.03"]
[EventType "team-tourn"]
[EventRounds "11"]
[EventCountry "HUN"]
[Source "chess.hu"]
[SourceDate "2024.11.17"]
[WhiteTeam "Aquarena Kobanya  II"]
[BlackTeam "HUSI SC"]
[WhiteTeamCountry "HUN"]
[BlackTeamCountry "HUN"]

1. e4 c5 2. Nc3 Nc6 3. f4 g6 4. Nf3 Bg7 5. a4 a6 6. g3 e6 7. Bg2 Nge7 8. O-O
O-O 9. d3 d6 10. Be3 Nd4 11. Qd2 Rb8 12. Qf2 Nec6 13. Nd1 b5 14. c3 Nb3 15. Ra3
c4 16. axb5 axb5 17. dxc4 bxc4 18. f5 exf5 19. exf5 Bxf5 20. Nh4 Bd7 21. Bd5
Ne5 22. Bd4 Nxd4 23. cxd4 Bc6 24. Qg2 Bxd5 25. Qxd5 Nd3 26. Ra7 Qb6 27. Rfxf7
Qxd4+ 28. Nf2 Rxf7 29. Qxf7+ Kh8 0-1

[Event "NB1 Maroczy csoport"]
[Site "Budapest"]
[Date "2024.11.17"]
[Round "2.12"]
[White "Feher, Tamas"]
[Black "Castillo Sanjuan, Daniel"]
[Result "0-1"]
[WhiteElo "2088"]
[BlackElo "2001"]
[PlyCount "96"]
[EventDate "2024.11.03"]
[EventType "team-tourn"]
[EventRounds "11"]
[EventCountry "HUN"]
[Source "chess.hu"]
[SourceDate "2024.11.17"]
[WhiteTeam "HUSI SC"]
[BlackTeam "Aquarena Kobanya  II"]
[WhiteTeamCountry "HUN"]
[BlackTeamCountry "HUN"]

1. c4 e5 2. g3 Nc6 3. Bg2 g6 4. e4 Bg7 5. Nc3 d6 6. Nge2 Be6 7. Nd5 Nd4 8. Nxd4
exd4 9. d3 c6 10. Nf4 Bd7 11. O-O Ne7 12. Bd2 a5 13. b3 O-O 14. h4 h5 15. Bf3
Qc8 16. Kh2 Kh8 17. Rg1 Ng8 18. Bxh5 gxh5 19. Qxh5+ Nh6 20. f3 Be8 21. Qg5 f6
22. Ng6+ Bxg6 23. Qxg6 Qe8 24. Qxe8 Rfxe8 25. g4 Nf7 26. f4 d5 27. exd5 cxd5
28. cxd5 a4 29. Kg3 Re2 30. Bb4 Rae8 31. Rgf1 f5 32. g5 R8e3+ 33. Rf3 Ne5 34.
Rxe3 Rxe3+ 35. Kg2 Nxd3 36. Bd6 Re8 37. Bc7 Nc5 38. h5 d3 39. Rd1 axb3 40. axb3
Bc3 41. b4 Bxb4 42. g6 Kg7 43. Bd6 d2 44. Bxc5 Re1 45. Bd4+ Kh6 46. Rxd2 Bxd2
47. Be5 Bb4 48. Kg3 Re3+ 0-1

[Event "NB1 Maroczy csoport"]
[Site "Debrecen"]
[Date "2024.11.17"]
[Round "2.1"]
[White "Lajthajm, Borko"]
[Black "Mester, Gyula"]
[Result "1/2-1/2"]
[WhiteElo "2330"]
[BlackElo "2287"]
[PlyCount "151"]
[EventDate "2024.11.03"]
[EventType "team-tourn"]
[EventRounds "11"]
[EventCountry "HUN"]
[Source "chess.hu"]
[SourceDate "2024.11.17"]
[WhiteTeam "Neumann J. Egyetem"]
[BlackTeam "DEAC-Debr.Sakkiskola"]
[WhiteTeamCountry "HUN"]
[BlackTeamCountry "HUN"]

1. d4 d5 2. c4 c6 3. Nc3 Nf6 4. Nf3 e6 5. e3 Nbd7 6. Qc2 Bd6 7. Be2 dxc4 8.
Bxc4 b5 9. Be2 O-O 10. O-O Bb7 11. e4 e5 12. dxe5 Nxe5 13. Nxe5 Bxe5 14. Be3
Qe7 15. f3 a6 16. Nd1 Rfd8 17. f4 Bd4 18. e5 Bxe3+ 19. Nxe3 g6 20. Bf3 Nd5 21.
Nxd5 cxd5 22. Qd2 Rac8 23. Rac1 Rc4 24. f5 gxf5 25. b3 Rc6 26. Qf4 Bc8 27. Rcd1
Re6 28. Rfe1 Rg6 29. Re2 Qc5+ 30. Kh1 Be6 31. h4 Kh8 32. h5 Rgg8 33. Qh4 Qf8
34. Red2 Qg7 35. Qf4 h6 36. Kg1 Rd7 37. Rd4 Qg5 38. Qc1 Kh7 39. R4d3 f4 40. Rd4
Qxe5 41. Qxf4 Qxf4 42. Rxf4 Rc8 43. Rd2 Kg7 44. Kf2 a5 45. Ke3 b4 46. Kd4 Rdc7
47. Ke5 Rc1 48. Rfd4 Re1+ 49. Kd6 f5 50. Bxd5 Kf6 51. Bb7 Rd8+ 52. Kc5 Rxd4 53.
Kxd4 Rc1 54. Bf3 Rc3 55. Re2 Bf7 56. Rd2 Kg5 57. Ke5 Re3+ 58. Kd4 f4 59. Rc2 a4
60. Rc5+ Kf6 61. Rc6+ Kg5 62. Rc5+ Kf6 63. bxa4 Ra3 64. a5 Rxa2 65. Rb5 b3 66.
Rb6+ Kg5 67. a6 b2 68. Bb7 Bxh5 69. Kc3 Be2 70. Rxb2 Rxb2 71. Kxb2 Bxa6 72.
Bxa6 f3 73. gxf3 Kf4 74. Bb7 h5 75. Kc3 h4 76. Bc8 1/2-1/2

[Event "NB1 Maroczy csoport"]
[Site "Debrecen"]
[Date "2024.11.17"]
[Round "2.2"]
[White "Emodi, Barnabas"]
[Black "Milosevic, Milos"]
[Result "1/2-1/2"]
[WhiteElo "2326"]
[BlackElo "2306"]
[PlyCount "120"]
[EventDate "2024.11.03"]
[EventType "team-tourn"]
[EventRounds "11"]
[EventCountry "HUN"]
[Source "chess.hu"]
[SourceDate "2024.11.17"]
[WhiteTeam "DEAC-Debr.Sakkiskola"]
[BlackTeam "Neumann J. Egyetem"]
[WhiteTeamCountry "HUN"]
[BlackTeamCountry "HUN"]

1. d4 Nf6 2. Nf3 g6 3. Bg5 Bg7 4. Nbd2 O-O 5. e3 d6 6. c3 Nc6 7. Bc4 h6 8. Bh4
e5 9. dxe5 dxe5 10. O-O Qe8 11. Bxf6 Bxf6 12. e4 a5 13. a4 Qe7 14. Re1 Nd8 15.
Nf1 c6 16. Ne3 Bg7 17. Qb3 Ne6 18. Qa3 Qxa3 19. Rxa3 Nc5 20. Nd2 Rd8 21. Nef1
h5 22. Nb3 Ne6 23. Raa1 Kf8 24. Rad1 Rxd1 25. Rxd1 Ke7 26. f3 b6 27. Ne3 f6 28.
Kf2 Bd7 29. Bf1 Rb8 30. g3 Kd8 31. Bh3 Kc7 32. Nc4 Bf8 33. Ke1 Bc8 34. Bf1 Nc5
35. Nxc5 Bxc5 36. Rb1 Be6 37. b3 g5 38. h3 Ra8 39. Ke2 b5 40. axb5 cxb5 41. Ne3
a4 42. Nd5+ Bxd5 43. exd5 b4 44. cxb4 Bxb4 45. bxa4 Rxa4 46. Rc1+ Kd6 47. Rc6+
Kxd5 48. Rxf6 Ra2+ 49. Kd3 Ra3+ 50. Kc2 Kd4 51. Rf5 Be7 52. Bb5 Ra2+ 53. Kb3
Rg2 54. g4 Rg3 55. gxh5 Rxh3 56. Rf7 Bd6 57. Bd7 Rxh5 58. Bg4 Rh4 59. Rd7 Kc5
60. Rg7 e4 1/2-1/2

[Event "NB1 Maroczy csoport"]
[Site "Debrecen"]
[Date "2024.11.17"]
[Round "2.3"]
[White "Omorjan, Dejan"]
[Black "Deak, Sandor"]
[Result "1-0"]
[WhiteElo "2331"]
[BlackElo "2235"]
[PlyCount "69"]
[EventDate "2024.11.03"]
[EventType "team-tourn"]
[EventRounds "11"]
[EventCountry "HUN"]
[Source "chess.hu"]
[SourceDate "2024.11.17"]
[WhiteTeam "Neumann J. Egyetem"]
[BlackTeam "DEAC-Debr.Sakkiskola"]
[WhiteTeamCountry "HUN"]
[BlackTeamCountry "HUN"]

1. d4 Nf6 2. c4 e6 3. Nc3 Bb4 4. Qc2 O-O 5. Nf3 d5 6. a3 Bxc3+ 7. Qxc3 dxc4 8.
Qxc4 b6 9. Bg5 Ba6 10. Qa4 h6 11. Bh4 g5 12. Bg3 Ne4 13. Rc1 Nxg3 14. hxg3 Kg7
15. g4 c6 16. Rc3 Bb5 17. Qc2 Nd7 18. a4 Ba6 19. Rxc6 Qe7 20. e3 Bb7 21. Rc3
Rac8 22. d5 Nf6 23. dxe6 Ne4 24. Rc4 Bd5 25. Nd4 fxe6 26. f3 Rxc4 27. Bxc4 Qb4+
28. Kd1 Bxc4 29. Qxe4 Qxb2 30. Qe5+ Kg8 31. Rxh6 Qb1+ 32. Kd2 Qb4+ 33. Kd1 Qb1+
34. Kd2 Qb2+ 35. Ke1 1-0

[Event "NB1 Maroczy csoport"]
[Site "Debrecen"]
[Date "2024.11.17"]
[Round "2.4"]
[White "Ag, Norbert Dr"]
[Black "Groszpeter, Attila"]
[Result "1/2-1/2"]
[WhiteElo "2310"]
[BlackElo "2424"]
[PlyCount "26"]
[EventDate "2024.11.03"]
[EventType "team-tourn"]
[EventRounds "11"]
[EventCountry "HUN"]
[Source "chess.hu"]
[SourceDate "2024.11.17"]
[WhiteTeam "DEAC-Debr.Sakkiskola"]
[BlackTeam "Neumann J. Egyetem"]
[WhiteTeamCountry "HUN"]
[BlackTeamCountry "HUN"]

1. c4 e6 2. g3 d5 3. Bg2 Nf6 4. Nf3 dxc4 5. Qa4+ Nbd7 6. Qxc4 c5 7. a4 b6 8.
O-O Bb7 9. d3 Be7 10. Bd2 O-O 11. Qc2 Rc8 12. Na3 Nd5 13. Nc4 Nb4 1/2-1/2

[Event "NB1 Maroczy csoport"]
[Site "Debrecen"]
[Date "2024.11.17"]
[Round "2.5"]
[White "Balazs, Gabor"]
[Black "Laszlo, Janos"]
[Result "1-0"]
[WhiteElo "2369"]
[BlackElo "2139"]
[PlyCount "111"]
[EventDate "2024.11.03"]
[EventType "team-tourn"]
[EventRounds "11"]
[EventCountry "HUN"]
[Source "chess.hu"]
[SourceDate "2024.11.17"]
[WhiteTeam "Neumann J. Egyetem"]
[BlackTeam "DEAC-Debr.Sakkiskola"]
[WhiteTeamCountry "HUN"]
[BlackTeamCountry "HUN"]

1. d4 d5 2. c4 e6 3. Nc3 c5 4. cxd5 cxd4 5. Qa4+ Nd7 6. Qxd4 exd5 7. Nf3 Ngf6
8. e3 Bc5 9. Qd1 Bb4 10. Bd2 O-O 11. Be2 Re8 12. O-O a6 13. Qb3 Bxc3 14. Bxc3
Nc5 15. Qb4 Nfe4 16. Bd4 a5 17. Qa3 b6 18. b4 Ba6 19. Bxa6 Nxa6 20. bxa5 bxa5
21. Rac1 Nb4 22. Rfd1 f6 23. Qa4 Rc8 24. Rxc8 Qxc8 25. a3 Na2 26. Qxa5 Qc6 27.
Ba1 Nac3 28. Bxc3 Nxc3 29. Ra1 Ra8 30. Qb4 Qc4 31. Qb2 Ne2+ 32. Kh1 Qc3 33.
Qxc3 Nxc3 34. Nd4 Kf7 35. h4 h5 36. Kh2 Ra4 37. f3 Ra5 38. Kh3 Nb5 39. Nxb5
Rxb5 40. a4 Rb3 41. a5 Rxe3 42. a6 Re8 43. Kg3 Ra8 44. a7 Ke6 45. Kf4 Kd6 46.
Ke3 Ke5 47. Ra5 g5 48. g3 Kd6 49. Kd4 Kc6 50. Ra3 gxh4 51. gxh4 Kb7 52. Kxd5
Rd8+ 53. Ke6 Ka8 54. Kxf6 Rd4 55. Kg5 Rd5+ 56. Kg6 1-0

[Event "NB1 Maroczy csoport"]
[Site "Debrecen"]
[Date "2024.11.17"]
[Round "2.6"]
[White "Tran, David"]
[Black "Soos, Arpad"]
[Result "0-1"]
[WhiteElo "2197"]
[BlackElo "2341"]
[PlyCount "80"]
[EventDate "2024.11.03"]
[EventType "team-tourn"]
[EventRounds "11"]
[EventCountry "HUN"]
[Source "chess.hu"]
[SourceDate "2024.11.17"]
[WhiteTeam "DEAC-Debr.Sakkiskola"]
[BlackTeam "Neumann J. Egyetem"]
[WhiteTeamCountry "HUN"]
[BlackTeamCountry "HUN"]

1. e4 c5 2. Nc3 d6 3. f4 Nc6 4. Nf3 g6 5. Bc4 Bg7 6. O-O e6 7. d3 Nge7 8. Bb3
O-O 9. Ne2 b5 10. c3 d5 11. Be3 c4 12. Bc2 cxd3 13. Bxd3 dxe4 14. Bxe4 Bb7 15.
Ned4 Nd5 16. Nxc6 Bxc6 17. Bxd5 Bxd5 18. Nd4 Qd7 19. a4 a6 20. axb5 axb5 21.
Qe2 Rab8 22. Rfd1 Rfc8 23. Qd2 Qb7 24. b4 Qc7 25. Ra5 Qxc3 26. Nxb5 Qb3 27. Ra3
Qb2 28. Qxb2 Bxb2 29. Ra5 Rc4 30. Bd2 Bc6 31. Na3 Rd4 32. Rc5 Bxa3 33. Rxc6
Bxb4 34. Rc2 Rbd8 35. Bxb4 Rxd1+ 36. Kf2 R1d4 37. Ba5 Ra8 38. Bd2 Rda4 39. Rc7
Ra2 40. Ke3 Rd8 0-1